| 000 | 00358 a2200133 4500 | ||
|---|---|---|---|
| 001 | 91493 | ||
| 082 | _aPR 1458 | ||
| 090 |
_c43633 _d43632 |
||
| 100 | _aRiaz Ali Malak; Prof Farooq-e-Azam (Advisor) | ||
| 245 |
_aImage Edge Detection Using Wavelet Transform _n59 "B" EC |
||
| 260 |
_aRawalpindi _bNUST _c2004 |
||
| 300 | _a61p | ||
| 500 | _aBE Project Reports | ||
| 942 |
_aCAE NUST _kPR 1458 |
||
| 999 |
_c326566 _d326566 |
||